Príprava expresného vektora pre produkciu rekombinantného proteínu Coxiella burnetii s potenciálnym využitím pre diagnostiku Q horúčky

Gespeichert in:
Bibliographische Detailangaben
1. Verfasser: Klinčoková, Bianka (Verfasst von)
Weitere Verfasser: Hopková, Diana (Betreuung Doktorarbeit)
Format: Manuskript Buch
Sprache:Slowakisch
Veröffentlicht: 2025
Schlagworte:
Online-Zugang:http://is.stuba.sk/zp/portal_zp.pl?podrobnosti=192056
Tags: Tag hinzufügen
Keine Tags, Fügen Sie das erste Tag hinzu!

MARC

LEADER 00000ntm a22000003a 4500
001 stuzp105325
003 SK-STU
005 20250628212603.9
007 ta
008 150427s2015----xo-----f-mn---000-0-slo-d
040 |a STU  |b slo 
041 0 |a slo 
100 1 |a Klinčoková, Bianka  |u 043000  |4 aut  |U FCHPT Fakulta chemickej a potravinárskej technológie  |T FCHPT Ústav biochémie a mikrobiológie  |X 111558  |U C3000  |Y 101  |7 111558 
242 0 1 |a Preparation of an expression vector for the production of recombinant Coxiella burnetii protein with potential use for the diagnosis of Q fever  |y eng 
245 1 0 |a Príprava expresného vektora pre produkciu rekombinantného proteínu Coxiella burnetii s potenciálnym využitím pre diagnostiku Q horúčky 
260 |c 2025 
650 4 |a Coxiella burnetii  |2 slo 
650 4 |a rekombinantný proteín  |2 slo 
650 4 |a Q horúčka  |2 slo 
650 4 |a diagnostika  |2 slo 
650 4 |a expresný vektor  |2 slo 
650 4 |a PCR  |2 slo 
650 4 |a recombinant protein  |2 eng 
650 4 |a Q fever  |2 eng 
650 4 |a Coxiella burnetii  |2 eng 
650 4 |a diagnostics  |2 eng 
650 4 |a expression vector  |2 eng 
650 4 |a PCR  |2 eng 
700 1 |a Hopková, Diana  |4 ths  |X 139077  |7 139077 
856 4 |u http://is.stuba.sk/zp/portal_zp.pl?podrobnosti=192056